|
|
|
|
| LEADER |
00000nab a2200000 a 4500 |
| 001 |
vtls000832629 |
| 003 |
SK-MaSNL |
| 005 |
20260302165446.0 |
| 008 |
040806c2002 xo 0 slo |
| 015 |
|
|
|a SNBRB2003/04-12471
|
| 035 |
|
|
|a CLN000184284
|
| 040 |
|
|
|a SNKBUCL
|b slo
|c SNKBUCL
|e AACR2
|
| 041 |
0 |
|
|a slo
|
| 044 |
|
|
|a xo
|c SK
|
| 080 |
|
|
|a 929 Hildegarda z Bingenu, sv.
|2 UDC-MRF-SK2
|
| 080 |
|
|
|a 885.4-2
|2 UDC-MRF-SK2
|
| 080 |
|
|
|a 929 Christine de Pisan
|2 UDC-MRF-SK2
|
| 100 |
1 |
|
|a Juráňová, Jana,
|d 1957-
|4 aut
|9 85434
|
| 245 |
1 |
0 |
|a Píšuce ženy v stredoveku
|b Hildegard von Bingen a Christine de Pisan : (rozhlasové pásmo)
|c Jana Juráňová
|
| 600 |
0 |
7 |
|a Hildegarda z Bingenu,
|c svätá,
|d 1098-1179
|2 snkbucl
|9 112796
|
| 600 |
0 |
7 |
|a Christine de Pisan
|d 1364-1430
|2 snkbucl
|9 870054
|
| 650 |
0 |
7 |
|a rozhlasové pásma
|2 snkbucl
|9 751710
|
| 655 |
|
7 |
|a články z novín a časopisov
|2 snkbucl
|9 267496
|
| 773 |
0 |
|
|x 1336-099X
|t Aspekt
|g Č. 1 (2002), s. 204-210
|
| 850 |
|
|
|a Slovenská národná knižnica v Martine
|
| 852 |
|
|
|a SNK
|b KIS3GCP
|
| 999 |
|
|
|c 1390079
|d 1392009
|